• 首页
  • 本馆介绍
  • 公告通知
  • 最新文献
  • 馆藏检索
  • 电子资源
  • 读者导购
  • 参考咨询
  • 我的图书馆
  • 登录
  • 详细信息显示
  • 放入我的书架
  • 预约/预借图书
  • 作者相关作品
  • 分类相关作品
  • 丛书相关作品
  • 出版社相关作品

书目信息

  • 表格格式
  • 工作单格式
  • 卡片格式
题名:
英汉生物化学及分子生物学词典
    
 
作者: 谭景莹 , 董志伟 主编
分册:  
出版信息: 北京   科学出版社  2000
页数: 1069页
开本: 20cm
丛书名:
单 册:
中图分类: Q5-61
科图分类:
主题词: 生物化学--词典--英、汉 , 分子生物学--词典--英、汉
电子资源:
ISBN: 7-03-005850-X
000 00693nam0 2200217 45
001 0302181039
005 20031219104103.7
010    @a7-03-005850-X@b精装@dCNY80.00
100    @a20030218d2000 km y0chiy0120 ea
101 0  @achi
105    @a e 000yy
200 1  @a英汉生物化学及分子生物学词典@AYing Han Sheng Wu Hua Xue Ji Fen Zi Sheng Wu Xue Ci Dian@f谭景莹,董志伟主编@FTan Jing Ying,Dong Zhi Wei Zhu Bian
210    @a北京@c科学出版社@d2000
215    @a1069页@d20cm
606 0  @a生物化学@x词典@x英、汉
606 0  @a分子生物学@x词典@x英、汉
690    @aQ5-61@v4
701  0 @a谭景莹@4主编
701  0 @a董志伟@4主编
801    @aCN@bTSTC@c20030218
905    @b319777-778@dQ5-61@e75@f2
    
    英汉生物化学及分子生物学词典/谭景莹,董志伟主编.-北京:科学出版社,2000
    1069页;20cm
    
    
    ISBN 7-03-005850-X(精装):CNY80.00
    
●
相关链接 在E读中查询图书 在五车中查询图书 在当当中查询图书 在豆瓣中查询图书


正题名:英汉生物化学及分子生物学词典     索取号:Q5-61/75         预约/预借

序号 登录号 条形码 馆藏地/架位号 状态 备注
1 0319777   203197771   第二样本阅览室/ [索取号:Q5-61/75] 在馆    
2 0319778   203197780   工具书阅览室/ [索取号:Q5-61/75] 在馆    
欢迎您!
大连网信软件有限公司© 版权所有